000 00297nam a22001337a 4500
008 170725b xxu||||| |||| 00| 0 eng d
020 _a9781418836238
041 _aeng
080 _22ND
_a004
100 _a29
101 _aSHK
245 _aMICROSOFT VISUAL BAISC 2005
_cZAK,D
942 _2udc
_cBK
999 _c21868
_d21868